| 000 -ლიდერი |
| ფიქსირებული სიგრძის საკონტროლო ველი |
01005nam a22002057a 4500 |
| 003 - საკონტროლო ნომრის იდენტიფიკატორი |
| საკონტროლო ველი |
Ge_BSU |
| 005 - ბოლო ოპერაციის თარიღი და დრო |
| საკონტროლო ველი |
20230626171916.0 |
| 008 - ფიქსირებული სიგრძის მონაცემთა ელემენტები - ზოგადი ინფორმაცია |
| ფიქსირებული სიგრძის საკონტროლო ველი |
230626s1959 ge ||||| |||| 00| 0 geo d |
| 041 ## - ენის კოდი |
| Language code of text/sound track or separate title |
geo |
| 080 ## - უნივერსალური ათობითი კლასიფიკაციის ინდექსი |
| Universal Decimal Classification number |
94(479.22-21) ა-91 |
| 100 ## - მთავარი ჩანაწერი - პიროვნების სახელი |
| Personal name |
აფაქიძე, ა. |
| 9 (RLIN) |
18981 |
| 245 ## - ცნობა სათაურის შესახებ |
| Title |
მცხეთა ქართლის სამეფოს ძველი დედაქალაქი / |
| Statement of responsibility, etc |
ა. აფაქიძე; რედ. დ გვრიტიშვილი; საქ. სსრ მეცნ. აკადემია. |
| 264 ## - წარმოების, გამოცემის, დისტრიბუციის და სხვა ცნობები |
| გამოცემის, წარმოების, დისტრიბუციის... ადგილი |
თბილისი : |
| გამოცემის, წარმოების, დისტრიბუციის... სახელწოდება |
საქ. სსრ მეცნ. აკად. გამ-ბა, |
| გამოცემის, წარმოების, დისტრიბუციის... თარიღი |
1959. |
| 300 ## - ფიზიკური აღწერა |
| Extent |
126გვ. ; |
| Other physical details |
22სმ. |
| 500 ## - ზოგადი შენიშვნა |
| General note |
გაშლილი თავფურც. რუს. ენ. |
| 504 ## - BIBLIOGRAPHY, ETC. NOTE |
| Bibliography, etc |
ბიბლიოგრ: გვ. 119-126. |
| 653 ## - INDEX TERM--UNCONTROLLED |
| Uncontrolled term |
მცხეთის ისტორია |
| 700 ## - ADDED ENTRY--PERSONAL NAME |
| Personal name |
გვრიტიშვილი, დ |
| Relator term |
რედაქტორი |
| 9 (RLIN) |
3872 |
| 942 ## - ADDED ENTRY ELEMENTS (KOHA) |
| Source of classification or shelving scheme |
|
| Koha item type |
წიგნი |